Central Library OPAC University of Rajshahi
Normal view MARC view

Entry Topical Term

Number of records used in: 2

001 - CONTROL NUMBER

  • control field: 14044

003 - CONTROL NUMBER IDENTIFIER

  • control field: BD-RjUL

005 - DATE AND TIME OF LATEST TRANSACTION

  • control field: 20241103112747.0

008 - FIXED-LENGTH DATA ELEMENTS

  • fixed length control field: 241103|| aca||aabn | a|a d

040 ## - CATALOGING SOURCE

  • Original cataloging agency: BD-RjUL
  • Transcribing agency: BD-RjUL

150 ## - HEADING--TOPICAL TERM

  • Topical term or geographic name entry element: Industries:
  • Form subdivision: Bengal Under

670 ## - SOURCE DATA FOUND

  • Source citation: Work cat.: (BD-RjUL)84211: আলী, মো. হজরত 14042, ব্রিটিশ আমলে পূর্ব-বাংলায় স্থাপিত শিল্প-কারখানা :, ২০১৯